00747nam a2200217 i 450000100060000000300090000600500170001500700030003200800410003510000280007624500970010426000580020130000200025949000240027965000430030365000500034665100510039670000340044783000240048185200240050585435ES-MaACL20250723063347.0t|041129s1918 sp ||||1| spa d1 aJuan, Jorge,d1713-177310aNoticias secretas de América (siglo XVIII) / cJorge Juan y Santacilia y Antonio de Ulloa. aMadrid : bEditorial-América, c1918 (fJuan Pueyo) a2 v. ; c23 cm.1 aBiblioteca Ayacucho 4aMarina de guerra-zEspaña-yS.XVIII. 4aIndios de Perú-xTrato recibido-vHistoria. 4aPerú-xHistoria-y1548-1820, Epoca colonial.1 aUlloa, Antonio de,d1716-17951 aBiblioteca Ayacucho aES-MaACLjF-1989-90